LEADER 02582nam 2200589 a 450 001 9910784139003321 005 20230829010341.0 010 $a1-56976-688-6 010 $a1-56976-218-X 035 $a(CKB)1000000000341066 035 $a(EBL)293699 035 $a(OCoLC)166217378 035 $a(SSID)ssj0000114849 035 $a(PQKBManifestationID)11117171 035 $a(PQKBTitleCode)TC0000114849 035 $a(PQKBWorkID)10125963 035 $a(PQKB)11439147 035 $a(MiAaPQ)EBC293699 035 $a(Au-PeEL)EBL293699 035 $a(CaPaEBR)ebr10173865 035 $a(CaONFJC)MIL534233 035 $a(EXLCZ)991000000000341066 100 $a20060307d2006 uy 0 101 0 $aeng 135 $aur|n|---||||| 181 $ctxt 182 $cc 183 $acr 200 10$aBringing math home$b[electronic resource] $ea parent's guide to elementary school math : games + activities + projects /$fSuzanne L. Churchman 210 $aChicago, Ill. $cZephyr Press$dc2006 215 $a1 online resource (241 p.) 300 $aDescription based upon print version of record. 311 $a1-306-02982-1 311 $a1-56976-203-1 320 $aIncludes bibliographical references and index. 327 $aNumbers and operations -- Algebra -- Geometry -- Measurement -- Data analysis and probability -- Problem solving -- Reasoning and proof -- Communication -- Connections -- Representation. 330 $aThis ultimate parents' guide to elementary school math features projects, games, and activities children and parents can do together to increase their understanding of basic math concepts. Fun activities such as mapping a child's bedroom for practice in measurements or keeping a diary of numeric items like vacation mileage and expenses reinforce the math skills outlined in each lesson. Using the standards issued by the National Council of Teachers of Mathematics as a foundation, this book covers both content and process standards for areas such as algebra, geometry, measurement, problem s 606 $aMathematics$xStudy and teaching (Elementary) 606 $aMathematics$vProblems, exercises, etc 606 $aMathematical recreations 615 0$aMathematics$xStudy and teaching (Elementary) 615 0$aMathematics 615 0$aMathematical recreations. 676 $a372.7 700 $aChurchman$b Suzanne L$01514166 801 0$bMiAaPQ 801 1$bMiAaPQ 801 2$bMiAaPQ 906 $aBOOK 912 $a9910784139003321 996 $aBringing math home$93749107 997 $aUNINA LEADER 03508nam 2200937z- 450 001 9910557793903321 005 20210501 035 $a(CKB)5400000000045449 035 $a(oapen)https://directory.doabooks.org/handle/20.500.12854/68371 035 $a(oapen)doab68371 035 $a(EXLCZ)995400000000045449 100 $a20202105d2021 |y 0 101 0 $aeng 135 $aurmn|---annan 181 $ctxt$2rdacontent 182 $cc$2rdamedia 183 $acr$2rdacarrier 200 00$aRefrigeration, Air Conditioning and Heat Pumps$eEnergy and Environmental Issues 210 $aBasel, Switzerland$cMDPI - Multidisciplinary Digital Publishing Institute$d2021 215 $a1 online resource (180 p.) 311 08$a3-03943-823-9 311 08$a3-03943-824-7 330 $aRefrigeration, air conditioning, and heat pumps (RACHP) have an important impact on the final energy uses of many sectors of modern society, such as residential, commercial, industrial, transport, and automotive. Moreover, RACHP also have an important environmental impact due to the working fluids that deplete the stratospheric ozone layer, which are being phased out according to the Montreal Protocol (1989). Last, but not least, high global working potential (GWP), working fluids (directly), and energy consumption (indirectly) are responsible for a non-negligible quota of greenhouse gas (GHG) emissions in the atmosphere, thus impacting climate change. 517 $aRefrigeration, Air Conditioning and Heat Pumps 606 $aHistory of engineering and technology$2bicssc 610 $aair conditioning 610 $aAtomic Air 610 $acascade 610 $achiller 610 $aCO2 610 $aCO2 reset 610 $acommercial refrigeration 610 $acommercial/retail refrigeration 610 $aconsumer habits 610 $adamper control 610 $ademand response (DR) 610 $ademand side management (DSM) 610 $ademand-based control 610 $adistrict cooling 610 $adomestic refrigerator 610 $aejector 610 $aenergy analysis 610 $aenergy consumption 610 $aenergy efficiency 610 $aenergy saving 610 $aenergy storage 610 $aflexibility 610 $agood practices 610 $aground source heat pump 610 $aground source heat pumps 610 $aheat pump 610 $aheat recovery 610 $ahorizontal heat exchanger 610 $ahuman well-being 610 $aHVAC 610 $aIAQ 610 $aindustrial refrigeration 610 $aliquid to compressed natural gas 610 $aLNG 610 $alow GWP refrigerants 610 $aparallel compression 610 $apressure based control 610 $aR32 610 $aR410A 610 $aR454B 610 $aR744 610 $aR744 transcritical booster 610 $astatic pressure reset 610 $asubcritical booster 610 $asurveys 610 $athermal energy storage 610 $atranscritical vapor-compression system 610 $atropical climate 610 $atwo-phase ejector 615 7$aHistory of engineering and technology 700 $aPolonara$b Fabio$4edt$0760122 702 $aPolonara$b Fabio$4oth 906 $aBOOK 912 $a9910557793903321 996 $aRefrigeration, Air Conditioning and Heat Pumps$93023934 997 $aUNINA